| 000 | 005590000a22001570004500 | ||
|---|---|---|---|
| 003 | MACL | ||
| 005 | 20170122141052.0 | ||
| 008 | 170122b xxu||||| |||| 00| 0 eng d | ||
| 040 |
_aMACL _cMACL |
||
| 100 |
_aश्रीवास्तव सी बी पी _966668 |
||
| 245 | _aविज्ञान एवं प्रौद्योगिकी वर्तमान संदर्भ | ||
| 260 |
_bकिताब महल _c2002 _aनईदिल्ली |
||
| 350 | _a110 | ||
| 650 |
_aNatural Science _966669 |
||
| 942 |
_cHIN _k500.028/SHR _2ddc |
||
| 999 |
_c30520 _d30520 |
||